专名互相对称的县级行政区 - Statistics

General Stats
  • This quiz has been taken 33 times
  • The average score is 58 of 98
Answer Stats
省级行政区 地级行政区 县级行政区 % Correct
吉林省 松原市 宁江区
96%
江苏省 南京市 江宁区
96%
北京市 (直辖) 东城区
96%
青海省 西宁市 城东区
96%
北京市 (直辖) 西城区
96%
青海省 西宁市 城西区
96%
内蒙古自治区 乌海市 海南区
92%
广东省 佛山市 南海区
92%
浙江省 宁波市 宁海县
88%
浙江省 嘉兴市 海宁市
88%
北京市 (直辖) 昌平区
88%
四川省 巴中市 平昌县
88%
河南省 濮阳市 华龙区
88%
海南省 | 广东省 海口市 | 深圳市 龙华区
88%
辽宁省 | 天津市 | 广东省 沈阳市 | 天津直辖 | 河源市 和平区 | 和平县
83%
福建省 漳州市 平和县
83%
浙江省 金华市 东阳市
83%
广东省 阳江市 阳东区
83%
山西省 晋城市 阳城县
79%
山东省 青岛市 城阳区
79%
广东省 深圳市 光明区
79%
山西省 长治市 长子县
79%
陕西省 延安市 子长市
79%
黑龙江省 牡丹江市 宁安市
79%
云南省 | 甘肃省 昆明市 | 兰州市 安宁市 | 安宁区
79%
江苏省 无锡市 滨湖区
75%
河南省 三门峡市 湖滨区
75%
安徽省 滁州市 明光市
75%
内蒙古自治区 包头市 东河区
71%
天津市 | 山东省 天津直辖 | 临沂市 河东区
71%
浙江省 湖州市 安吉县
71%
江西省 吉安市 吉安县
71%
青海省 海东市 平安区
71%
河北省 衡水市 安平县
71%
海南省 (直辖) 定安县
71%
甘肃省 定西市 安定区
71%
山西省 临汾市 乡宁县
67%
湖南省 长沙市 宁乡市
67%
安徽省 铜陵市 义安区
58%
江西省 南昌市 安义县
58%
山西省 朔州市 怀仁市
58%
贵州省 遵义市 仁怀市
58%
福建省 龙岩市 武平县
58%
四川省 绵阳市 平武县
58%
河北省 邢台市 宁晋县
54%
云南省 昆明市 晋宁区
54%
河北省 承德市 隆化县
54%
青海省 海东市 化隆回族自治县
54%
广东省 清远市 阳山县
54%
河南省 | 陕西省 焦作市 | 商洛市 山阳区 | 山阳县
54%
河北省 保定市 安新县
50%
河南省 洛阳市 新安县
50%
山西省 忻州市 原平市
50%
山东省 德州市 平原县
50%
福建省 宁德市 福安市
50%
江西省 吉安市 安福县
50%
山东省 潍坊市 昌乐县
50%
广东省 韶关市 乐昌市
50%
福建省 莆田市 仙游县
50%
四川省 绵阳市 游仙区
50%
江西省 景德镇市 乐平市
50%
广西壮族自治区 桂林市 平乐县
50%
云南省 曲靖市 罗平县
50%
宁夏回族自治区 石嘴山市 平罗县
50%
河北省 保定市 曲阳县
46%
山西省 太原市 阳曲县
46%
河北省 唐山市 丰南区
46%
江西省 抚州市 南丰县
46%
河北省 张家口市 阳原县
46%
河南省 新乡市 原阳县
46%
内蒙古自治区 赤峰市 林西县
46%
广西壮族自治区 百色市 西林县
46%
广西壮族自治区 南宁市 江南区
46%
四川省 巴中市 南江县
46%
内蒙古自治区 乌兰察布市 化德县
42%
福建省 泉州市 德化县
42%
江西省 九江市 武宁县
42%
山西省 忻州市 宁武县
42%
河北省 张家口市 康保县
42%
湖北省 襄阳市 保康县
42%
广西壮族自治区 贵港市 桂平市
42%
广西壮族自治区 贺州市 平桂区
42%
河北省 保定市 顺平县
38%
山西省 长治市 平顺县
38%
山西省 忻州市 保德县
38%
广西壮族自治区 百色市 德保县
38%
江西省 赣州市 安远县
33%
湖北省 宜昌市 远安县
33%
河北省 沧州市 海兴县
33%
青海省 海南藏族自治州 兴海县
33%
河北省 保定市 高阳县
29%
山西省 大同市 阳高县
29%
河南省 安阳市 龙安区
29%
贵州省 黔西南布依族苗族自治州 安龙县
29%
河南省 周口市 川汇区
29%
贵州省 遵义市 汇川区
29%
福建省 南平市 政和县
21%
甘肃省 临夏回族自治州 和政县
21%
No matching quizzes found
Score Distribution
Percent of People with Each Score
Percentile by Number Answered
Your Score History
You have not taken this quiz